书目信息 |
| 题名: |
民族器乐演奏与教学艺术探索
|
|
| 作者: | 宁兆卿 著 | |
| 分册: | ||
| 出版信息: | 哈尔滨 哈尔滨出版社 2021.3 |
|
| 页数: | 204页 | |
| 开本: | 24cm | |
| 丛书名: | ||
| 单 册: | ||
| 中图分类: | J632.06 | |
| 科图分类: | ||
| 主题词: | 民族器乐--奏法--教学研究--中国 | |
| 电子资源: | ||
| ISBN: | 978-7-5484-4654-5 | |
| 000 | 00810nam0 2200229 45 | |
| 001 | 012001001176 | |
| 005 | 20130910163040.0 | |
| 010 | @a978-7-5484-4654-5@dCNY58.00 | |
| 100 | @a20210329d2020 em y0chiy0110 ea | |
| 101 | 0 | @achi |
| 102 | @aCN@b230000 | |
| 105 | @ay z 000yy | |
| 106 | @ar | |
| 200 | 1 | @a民族器乐演奏与教学艺术探索@Amin zu qi yue yan zou yu jiao xue yi shu tan suo@f宁兆卿著 |
| 210 | @a哈尔滨@c哈尔滨出版社@d2021.3 | |
| 215 | @a204页@d24cm | |
| 330 | @a本书共分六章,内容包括:中国民族器乐概述、中国民族器乐的发展、中国民族器乐的创作、民族器乐教学探索、民族器乐表演的教学研究、拉弦乐器的演奏及教学。 | |
| 606 | 0 | @a民族器乐@x奏法@x教学研究@y中国 |
| 690 | @aJ632.06@v5 | |
| 701 | 0 | @a宁兆卿@Aning zhao qing@4著 |
| 801 | @aCN@b江苏凤凰@c20211018 | |
| 905 | @b1342483-6@dJ632.06@e187@f4 | |
| 民族器乐演奏与教学艺术探索/宁兆卿著.-哈尔滨:哈尔滨出版社,2021.3 |
| 204页;24cm |
| ISBN 978-7-5484-4654-5:CNY58.00 |
| 本书共分六章,内容包括:中国民族器乐概述、中国民族器乐的发展、中国民族器乐的创作、民族器乐教学探索、民族器乐表演的教学研究、拉弦乐器的演奏及教学。 |
| ● |
| 相关链接 |
|
|
|
|
正题名:民族器乐演奏与教学艺术探索
索取号:J632.06/187
 
预约/预借
| 序号 | 登录号 | 条形码 | 馆藏地/架位号 | 状态 | 备注 |
| 1 | 1342483 | 213424837 | 第一样本阅览室/ [索取号:J632.06/187] | 在馆 | |
| 2 | 1342484 | 213424846 | 第一借阅区/ [索取号:J632.06/187] | 在馆 | |
| 3 | 1342485 | 213424855 | 第一借阅区/ [索取号:J632.06/187] | 在馆 | |
| 4 | 1342486 | 213424864 | 第一借阅区/ [索取号:J632.06/187] | 在馆 |